| 000 | 01662 a2200229 4500 | ||
|---|---|---|---|
| 001 | 20954 | ||
| 005 | 20260407155502.0 | ||
| 008 | 260407a1995 arg spa d | ||
| 003 | AR-UNSa-BCEJYS | ||
| 040 |
_aAR-UNSa-BCEJYS _bspa _cAR-UNSa-BCEJYS |
||
| 080 |
_a347.9 _xDerecho procesal. Procedimiento judicial. Organización y personal al servicio de la administración de justicia |
||
| 245 | 1 | 0 | _aIntroducción al estudio del derecho procesal |
| 020 | _a978-950-9163-92-8 | ||
| 250 | _a1a. ed. | ||
| 264 | 1 |
_aBuenos Aires : _bRubinzal-Culzoni Editores _c1995 |
|
| 300 |
_a3 v. _c22 cm. |
||
| 505 | _a1ra. Parte: 1. La causa y la razón de ser del proceso - 2. Aproximación a la idea de proceso - 3. La norma de contenido procesal - 4. El derecho procesal - 5. Los sistemas procesales - 6. La acción procesal - 7. La pretensión procesal - 8. La demanda judicial - 9. La Jurisdicción - 10. La competencia - 11. El derecho de defensa en juicio y la reacción del demandado - 12. El proceso - 13. Los principíos y las reglas técnicas procesales - 14. Los actos procedimentales - 15. La regularidad y la irregularidad procesal -- 3ra. Parte: 24. La confirmación procesal - 25. La terminación del proceso y la sentencia - 26. La impugnación procesal - 27. El procedimiento cautelar y la solución urgente y anticipada de una pretensión - 28. La eficacia del proceso - 29. La ejecucción procesal - 30. El coste del proceso | ||
| 942 | _cBK | ||
| 590 | _aniveau_biblio:m niveau_hierar:0 | ||
| 100 | 1 | _aAlvarado Velloso, Adolfo | |
| 856 | 4 | 1 |
_uhttps://biblioeco.unsa.edu.ar/pmb/images/libros/Derecho Procesal (Primera Parte).jpg _yImagen de portada _qimage/jpeg |
| 999 |
_c770 _d770 |
||